00434nam a2200145 a 450000500170000000800410001702000180005805000220007610000160009824500570011426000490017130000230022065000220024365000230026520140412111310.0010424s19uu xx 00 eng d a0-671-70226-2 aTR(PS EbAr2 1990 aDijs, Carla aAre you my mommy? :ba pop ub book /cby Carla Dijs. aNew York :bLittle Simon Merchandise,c1990. a1 v. (unp.) ; ill. aMothers - Stories aChildren's stories